| 000 | 00665nam a2200229 4500 | ||
|---|---|---|---|
| 003 | OSt | ||
| 005 | 20240613064202.0 | ||
| 006 | a | ||
| 008 | 240613b |||||||| |||| 00| 0 eng d | ||
| 020 | _a9789814314787 | ||
| 040 |
_aDWCL-HMN lib. _cOC |
||
| 082 | _aCirc. 338.4 M288s 2012 | ||
| 100 | _aMancini, Marc | ||
| 245 | _aSelling tourist destinations : geography for travel professional / | ||
| 260 |
_aSingapore : _bCengage Learning Asia Pte. Ltd., _cc2012. |
||
| 300 |
_aviii, _b551p : ill. ; _c23 cm. |
||
| 504 | _aIncludes index. | ||
| 650 | _a1. Tourist trade. | ||
| 650 | _a2. Geography. | ||
| 700 | _aMarc Mancini | ||
| 942 |
_2ddc _n0 _cBK-CIRC _kCirc. |
||
| 999 |
_c628 _d628 |
||